[Event "Titled Tuesday intern op 25th Jul Late"]
[Site "Chess.com INT"]
[Date "2023.07.25"]
[Round "9"]
[White "Floresvillar Gonzalez, Luis Miguel"]
[Black "Sainz Aguirre, Ignacio"]
[Result "1-0"]
[WhiteElo "2019"]
[BlackElo "1829"]
[PlyCount "51"]
[EventDate "2023.07.25"]
[EventType "swiss (blitz)"]
[EventRounds "11"]
[EventCountry "USA"]
[SourceTitle "EXT 2024"]
[Source "ChessBase"]
[SourceDate "2023.10.10"]
[SourceVersion "1"]
[SourceVersionDate "2023.10.10"]
[SourceQuality "1"]

1. e4 e6 2. b3 d5 3. Bb2 dxe4 4. Nc3 Nf6 5. g4 h6 6. Bg2 e5 7. h3 Nc6 8. Nge2 Bc5 9. Nxe4 Nxe4 10. Bxe4 Qf6 11. Rf1 h5 12. Bxc6+ bxc6 13. d4 Bb4+ 14. c3 Bd6 15. Ng3 hxg4 16. hxg4 Ba6 17. c4 Bb4+ 18. Ke2 0-0-0 19. a3 Be7 20. Nf5 exd4 21. Qd3 Bc5 22. Kd2 Rhe8 23. Rae1 Qg5+ 24. Kc2 Qxg4 25. Rxe8 Rxe8 26. b4 1-0

[Event "Titled Tuesday intern op 25th Jul Late"]
[Site "Chess.com INT"]
[Date "2023.07.25"]
[Round "5"]
[White "Sainz Aguirre, Ignacio"]
[Black "Joel Paul, Ganta"]
[Result "0-1"]
[WhiteElo "1829"]
[BlackElo "1974"]
[PlyCount "34"]
[EventDate "2023.07.25"]
[EventType "swiss (blitz)"]
[EventRounds "11"]
[EventCountry "USA"]
[SourceTitle "EXT 2024"]
[Source "ChessBase"]
[SourceDate "2023.10.10"]
[SourceVersion "1"]
[SourceVersionDate "2023.10.10"]
[SourceQuality "1"]

1. e4 a6 2. d4 b6 3. Bd3 h6 4. Nf3 g6 5. 0-0 d6 6. Qe2 Bg7 7. c3 e6 8. Be3 Ne7 9. Nbd2 0-0 10. h4 Bb7 11. h5 Nd7 12. hxg6 Nxg6 13. Rad1 Qe7 14. g3 f5 15. exf5 exf5 16. Nc4 Rae8 17. Qd2 Bxf3 0-1

[Event "Titled Tuesday intern op 25th Jul Late"]
[Site "Chess.com INT"]
[Date "2023.07.25"]
[Round "7"]
[White "Silvestre, Christian"]
[Black "Sainz Aguirre, Ignacio"]
[Result "0-1"]
[WhiteElo "1942"]
[BlackElo "1829"]
[PlyCount "72"]
[EventDate "2023.07.25"]
[EventType "swiss (blitz)"]
[EventRounds "11"]
[EventCountry "USA"]
[SourceTitle "EXT 2024"]
[Source "ChessBase"]
[SourceDate "2023.10.10"]
[SourceVersion "1"]
[SourceVersionDate "2023.10.10"]
[SourceQuality "1"]

1. b3 c5 2. Bb2 Nc6 3. f4 d6 4. Nf3 Nf6 5. e3 g6 6. Be2 Bg7 7. 0-0 0-0 8. c4 a6 9. Nc3 Rb8 10. Rc1 e5 11. g3 Bh3 12. Re1 exf4 13. exf4 Re8 14. Ng5 Bf5 15. d3 d5 16. Na4 dxc4 17. dxc4 Nd4 18. Bxd4 cxd4 19. Bf1 d3 20. Qd2 Qd4+ 21. Kg2 Rxe1 22. Rxe1 Ne4 23. Nxe4 Bxe4+ 24. Kh3 Qd7+ 25. g4 h5 26. Qd1 hxg4+ 27. Kg3 Bf3 28. Qxd3 Qxd3 29. Bxd3 Rd8 30. Be4 Re8 31. Nc5 b6 32. Bxf3 Rxe1 33. Nd3 Re3 34. Kxg4 Rxd3 35. Bd5 Rxd5 36. f5 Rxf5 0-1

[Event "Titled Tuesday intern op 18th Jul Late"]
[Site "Chess.com INT"]
[Date "2023.07.18"]
[Round "8"]
[White "Mangialardo, Tiago Carvalho"]
[Black "Sainz Aguirre, Ignacio"]
[Result "1-0"]
[WhiteElo "1965"]
[BlackElo "1829"]
[PlyCount "57"]
[EventDate "2023.07.18"]
[EventType "swiss (blitz)"]
[EventRounds "11"]
[EventCountry "USA"]
[SourceTitle "EXT 2024"]
[Source "ChessBase"]
[SourceDate "2023.10.10"]
[SourceVersion "1"]
[SourceVersionDate "2023.10.10"]
[SourceQuality "1"]

1. e4 e6 2. d4 d5 3. exd5 exd5 4. c4 Bb4+ 5. Nc3 Ne7 6. Nf3 0-0 7. Be2 dxc4 8. Bxc4 Bg4 9. 0-0 Nbc6 10. Be3 Nf5 11. Nd5 Bd6 12. h3 Bxf3 13. Qxf3 Ncxd4 14. Qg4 Nxe3 15. fxe3 Ne6 16. Nf6+ Kh8 17. Bxe6 fxe6 18. Nh5 Qe7 19. Qe4 Rf5 20. Qxb7 Raf8 21. g4 Qh4 22. gxf5 Qxh5 23. Qf3 Qg5+ 24. Qg4 Qxe3+ 25. Kh1 exf5 26. Rxf5 Rxf5 27. Qxf5 h6 28. Rg1 Qe2 29. Qc8+ 1-0

[Event "Titled Tuesday intern op 18th Jul Late"]
[Site "Chess.com INT"]
[Date "2023.07.18"]
[Round "3"]
[White "Sainz Aguirre, Ignacio"]
[Black "Kostiukov, Alexandr"]
[Result "0-1"]
[WhiteElo "1829"]
[BlackElo "2271"]
[PlyCount "76"]
[EventDate "2023.07.18"]
[EventType "swiss (blitz)"]
[EventRounds "11"]
[EventCountry "USA"]
[SourceTitle "EXT 2024"]
[Source "ChessBase"]
[SourceDate "2023.10.10"]
[SourceVersion "1"]
[SourceVersionDate "2023.10.10"]
[SourceQuality "1"]

1. e4 c5 2. Nf3 g6 3. c3 Bg7 4. d4 cxd4 5. cxd4 d5 6. e5 Nc6 7. Nc3 Bg4 8. Be3 Nh6 9. Bd3 0-0 10. h3 Bxf3 11. Qxf3 e6 12. a3 f6 13. exf6 Rxf6 14. Qe2 Rf8 15. 0-0 Nf5 16. Bxf5 Rxf5 17. Qd3 Qh4 18. Ne2 Raf8 19. Rac1 a6 20. b4 Bh6 21. Bxh6 Qxh6 22. b5 axb5 23. Qxb5 R8f7 24. Rb1 Qh4 25. Ng3 R5f6 26. Rbd1 Nxd4 27. Qe8+ Rf8 28. Qe7 R8f7 29. Qe8+ Kg7 30. Rde1 Qf4 31. Kh2 h5 32. Kg1 h4 33. Ne2 Nxe2+ 34. Rxe2 Qf5 35. Rfe1 d4 36. f3 d3 37. Rxe6 d2 38. Rxf6 dxe1Q+ 0-1

[Event "Titled Tuesday intern op 04th Jul Late"]
[Site "Chess.com INT"]
[Date "2023.07.04"]
[Round "6"]
[White "Sainz Aguirre, Ignacio"]
[Black "Thiel, Thomas"]
[Result "0-1"]
[WhiteElo "1829"]
[BlackElo "2195"]
[PlyCount "46"]
[EventDate "2023.07.04"]
[EventType "swiss (blitz)"]
[EventRounds "11"]
[EventCountry "USA"]
[SourceTitle "EXT 2024"]
[Source "ChessBase"]
[SourceDate "2023.10.10"]
[SourceVersion "1"]
[SourceVersionDate "2023.10.10"]
[SourceQuality "1"]

1. e4 d5 2. exd5 Nf6 3. d4 Nxd5 4. Nf3 g6 5. Be2 Bg7 6. 0-0 0-0 7. h3 Nc6 8. c4 Nb6 9. Be3 e5 10. d5 Na5 11. Nbd2 e4 12. Nd4 c6 13. b4 c5 14. bxc5 Nd7 15. Nxe4 Re8 16. Nd6 Rf8 17. N4b5 Bxa1 18. Qxa1 a6 19. Bh6 f6 20. Nxc8 Rxc8 21. Nd6 Rc7 22. Bxf8 Qxf8 23. Bg4 Nxc5 0-1

[Event "Titled Tuesday intern op 27th Jun Late"]
[Site "Chess.com INT"]
[Date "2023.06.27"]
[Round "7"]
[White "Allam, Yara"]
[Black "Sainz Aguirre, Ignacio"]
[Result "1/2-1/2"]
[WhiteElo "1858"]
[BlackElo "1829"]
[PlyCount "101"]
[EventDate "2023.06.27"]
[EventType "swiss (blitz)"]
[EventRounds "11"]
[EventCountry "USA"]
[SourceTitle "EXT 2024"]
[Source "ChessBase"]
[SourceDate "2023.10.10"]
[SourceVersion "1"]
[SourceVersionDate "2023.10.10"]
[SourceQuality "1"]

1. e4 e6 2. d4 d5 3. Nc3 Bb4 4. e5 c5 5. a3 Bxc3+ 6. bxc3 Qa5 7. Bd2 Qa4 8. Qg4 g6 9. Qd1 c4 10. Nf3 Nc6 11. Ng5 h6 12. Nh3 Bd7 13. Be2 0-0-0 14. 0-0 f5 15. f4 Nge7 16. Qb1 b6 17. Qb2 Rdg8 18. Qc1 Nd8 19. Bf3 Nf7 20. Kh1 Rg7 21. Be3 Rhg8 22. g3 g5 23. Bg2 g4 24. Nf2 h5 25. Rg1 Rh7 26. Bf1 Ng6 27. Kg2 h4 28. Rh1 Rgh8 29. Be2 h3+ 30. Kf1 Kb7 31. Ke1 Qa5 32. Kd2 Ba4 33. Qb2 b5 34. Qb4 Qxb4 35. axb4 Kb6 36. Nd1 a5 37. Nb2 axb4 38. cxb4 Ra8 39. Ra3 Nd8 40. Rha1 Nc6 41. c3 Rha7 42. Kc1 Nge7 43. Nxa4+ bxa4 44. Kb2 Kb5 45. Bd1 Nc8 46. Bd2 Nb6 47. R1a2 Ra6 48. Bc2 R6a7 49. Bd1 Ra6 50. Bc2 R6a7 51. Bd1 1/2-1/2

[Event "Titled Tuesday intern op 27th Jun Late"]
[Site "Chess.com INT"]
[Date "2023.06.27"]
[Round "1"]
[White "Leenhouts, Koen"]
[Black "Sainz Aguirre, Ignacio"]
[Result "1-0"]
[WhiteElo "2446"]
[BlackElo "1829"]
[PlyCount "95"]
[EventDate "2023.06.27"]
[EventType "swiss (blitz)"]
[EventRounds "11"]
[EventCountry "USA"]
[SourceTitle "EXT 2024"]
[Source "ChessBase"]
[SourceDate "2023.10.10"]
[SourceVersion "1"]
[SourceVersionDate "2023.10.10"]
[SourceQuality "1"]

1. d4 d5 2. c4 e6 3. Nf3 Nf6 4. g3 dxc4 5. Bg2 Nbd7 6. 0-0 Rb8 7. a4 a6 8. a5 c5 9. Nc3 Be7 10. Bf4 Ra8 11. d5 Nxd5 12. Nxd5 exd5 13. Qxd5 0-0 14. Qxc4 Nf6 15. Rfd1 Qe8 16. Qc2 Qb5 17. Ng5 h6 18. Ne4 Nxe4 19. Qxe4 Bf6 20. Bd6 Re8 21. Qc2 Rxe2 22. Rd2 Bf5 23. Rxe2 Bxc2 24. Rxc2 Bd4 25. Rac1 Re8 26. Bxc5 Bxc5 27. Rxc5 Qxb2 28. Rc7 Re2 29. Rf1 g6 30. Bd5 Qf6 31. Rxf7 Qxf7 32. Bxf7+ Kxf7 33. Rb1 Ra2 34. Rxb7+ Kf8 35. Rb6 Rxa5 36. Rxg6 h5 37. h4 Ra2 38. Kg2 a5 39. Rg5 a4 40. Rxh5 a3 41. Ra5 Ra1 42. g4 a2 43. h5 Kg7 44. Ra6 Kh7 45. g5 Kg7 46. Ra7+ Kf8 47. h6 Kg8 48. g6 1-0

[Event "Titled Tuesday intern op 27th Jun Late"]
[Site "Chess.com INT"]
[Date "2023.06.27"]
[Round "4"]
[White "Vaglio Munoz, Jaime"]
[Black "Sainz Aguirre, Ignacio"]
[Result "1-0"]
[WhiteElo "2174"]
[BlackElo "1829"]
[PlyCount "103"]
[EventDate "2023.06.27"]
[EventType "swiss (blitz)"]
[EventRounds "11"]
[EventCountry "USA"]
[SourceTitle "EXT 2024"]
[Source "ChessBase"]
[SourceDate "2023.10.10"]
[SourceVersion "1"]
[SourceVersionDate "2023.10.10"]
[SourceQuality "1"]

1. Nf3 d5 2. c4 e6 3. b3 Nf6 4. Bb2 Be7 5. g3 Nbd7 6. Bg2 b6 7. 0-0 Bb7 8. d3 0-0 9. Re1 c5 10. e3 Re8 11. Nbd2 Rc8 12. a3 a5 13. Rb1 Qc7 14. Bc3 h6 15. b4 axb4 16. axb4 Ra8 17. bxc5 bxc5 18. Rb5 Bc6 19. Rb2 Ra3 20. Nb1 Ra7 21. Nfd2 Rea8 22. e4 d4 23. e5 Ne8 24. f4 dxc3 25. Nxc3 Bxg2 26. Kxg2 Qc6+ 27. Nde4 f5 28. exf6 Ndxf6 29. Kh3 Nxe4 30. Rxe4 Ra1 31. Qe2 Nc7 32. Nb5 Bf6 33. Nxc7 Qxc7 34. Rc2 Qf7 35. Rxe6 R1a6 36. f5 Rxe6 37. fxe6 Qe7 38. Qe4 Ra6 39. Re2 Bd4 40. Qd5 Rd6 41. Qf5 Kh8 42. Re4 Bf6 43. Re3 Bd4 44. Re2 Bf6 45. Kg2 Bd4 46. h4 Qb7+ 47. Kh2 Qe7 48. Kh3 Bf6 49. g4 Bd4 50. g5 Qb7 51. Rg2 hxg5 52. Qxg5 1-0

[Event "Titled Tuesday intern op 20th Jun Late"]
[Site "Chess.com INT"]
[Date "2023.06.20"]
[Round "9"]
[White "Sainz Aguirre, Ignacio"]
[Black "De Souza, Cristiano Gomes"]
[Result "0-1"]
[WhiteElo "1829"]
[BlackElo "2018"]
[PlyCount "96"]
[EventDate "2023.06.20"]
[EventType "swiss (blitz)"]
[EventRounds "11"]
[EventCountry "USA"]
[SourceTitle "EXT 2024"]
[Source "ChessBase"]
[SourceDate "2023.10.10"]
[SourceVersion "1"]
[SourceVersionDate "2023.10.10"]
[SourceQuality "1"]

1. e4 c5 2. Nf3 d6 3. Bb5+ Bd7 4. Bxd7+ Qxd7 5. 0-0 Nc6 6. c3 Nf6 7. Re1 e5 8. d4 Be7 9. d5 Nd8 10. a4 0-0 11. Na3 b6 12. Nc4 Rb8 13. Bg5 a6 14. Ne3 g6 15. Bxf6 Bxf6 16. Ng4 Bg7 17. Qd3 b5 18. Ne3 c4 19. Qc2 Nb7 20. axb5 axb5 21. Ra7 Ra8 22. Rea1 Rxa7 23. Rxa7 Qc7 24. Qb1 Qb6 25. Qa1 Nc5 26. Nd2 Bh6 27. Re7 Nd3 28. Ndf1 Nxb2 29. Qxb2 f5 30. exf5 gxf5 31. Qe2 Kh8 32. Qh5 Qd8 33. Ra7 Qf6 34. Ng3 f4 35. Ng4 Qg6 36. Qxg6 hxg6 37. Nxh6 fxg3 38. hxg3 b4 39. Nf7+ Kg7 40. Nxd6+ Kh6 41. Nxc4 bxc3 42. Ne3 Rc8 43. Nc2 Rc5 44. d6 Rd5 45. d7 Kg5 46. Rc7 Rd2 47. Rxc3 Rxd7 48. Ne3 Kh6 0-1

[Event "Mexico City Latinoamericano op 1st"]
[Site "Mexico City"]
[Date "2021.11.06"]
[Round "4"]
[White "Caicedo Anguila, Juliana Andrea"]
[Black "Sainz Aguirre, Ignacio"]
[Result "0-1"]
[WhiteElo "1552"]
[BlackElo "1872"]
[PlyCount "94"]
[EventDate "2021.11.04"]
[EventType "swiss"]
[EventRounds "9"]
[EventCountry "MEX"]
[SourceTitle "EXT 2023"]
[Source "ChessBase"]
[SourceDate "2022.10.05"]
[SourceVersion "1"]
[SourceVersionDate "2022.10.05"]
[SourceQuality "1"]

1. d4 Nf6 2. Nf3 g6 3. b4 Bg7 4. Bb2 0-0 5. Nbd2 d5 6. e3 c6 7. c4 Qb6 8. Bc3 Bg4 9. Qb3 Bxf3 10. Nxf3 Nbd7 11. Be2 Ne4 12. Bb2 a5 13. b5 a4 14. Qb4 a3 15. Bxa3 c5 16. Qb2 Qa5+ 17. Bb4 Qxb4+ 18. Qxb4 cxb4 19. 0-0 Nc3 20. Bd3 dxc4 21. Bxc4 Rfc8 22. Bb3 e6 23. Ng5 Nf8 24. g3 h6 25. Nf3 Nxb5 26. Kg2 Nc3 27. Ne1 Nd5 28. Nd3 Rc3 29. Nc5 Rxc5 30. dxc5 Bxa1 31. Rxa1 Rc8 32. Bxd5 exd5 33. Rb1 Ne6 34. Rxb4 Nxc5 35. Rb5 Rc7 36. h3 Kf8 37. Kf3 Ke7 38. h4 h5 39. Kf4 Ke6 40. Rb6+ Rc6 41. Rb5 b6 42. a3 Nd3+ 43. Kf3 Ne5+ 44. Ke2 Kd6 45. a4 Nc4 46. Kf3 Rc5 47. Rb4 Ra5 0-1

[Event "Los Angeles Metropolitan 20th"]
[Site "Los Angeles"]
[Date "2012.07.14"]
[Round "7"]
[White "Matikozian, Andranik"]
[Black "Sainz Aguirre, Ignacio"]
[Result "1-0"]
[WhiteElo "2407"]
[BlackElo "1985"]
[PlyCount "99"]
[EventDate "2012.07.11"]
[EventType "tourn"]
[EventRounds "9"]
[EventCountry "USA"]
[EventCategory "1"]
[SourceTitle "CBM 149 Extra"]
[Source "ChessBase"]
[SourceDate "2012.08.24"]
[SourceVersion "1"]
[SourceVersionDate "2012.08.24"]
[SourceQuality "1"]

1. e4 e6 2. d4 d5 3. Nc3 Bb4 4. e5 c5 5. Bd2 Nh6 6. Nb5 Bxd2+ 7. Qxd2 0-0 8. dxc5 Nc6 9. f4 f6 10. Nf3 fxe5 11. fxe5 b6 12. Qc3 Bd7 13. Be2 bxc5 14. Qxc5 Ng4 15. 0-0 Ncxe5 16. Nxe5 Nxe5 17. Nd4 Qb6 18. Qxb6 axb6 19. Rfe1 Rf6 20. Bb5 Bxb5 21. Nxb5 Nc4 22. b3 Na3 23. Nd4 Rc8 24. Re2 Kf7 25. Rae1 h6 26. g3 Rc5 27. Nxe6 Rxc2 28. Nd4 Rxe2 29. Rxe2 b5 30. Re5 Rd6 31. Kf2 b4 32. Ke3 Ra6 33. Kd3 Nb1 34. Re1 Nc3 35. a4 Ne4 36. Rc1 Rf6 37. Rc7+ Ke8 38. Rxg7 Rf2 39. h4 Nc5+ 40. Ke3 Rb2 41. Rg8+ Kd7 42. Rb8 Ne4 43. Rxb4 Nxg3 44. Kf4 Ne2+ 45. Ke5 Nxd4 46. Kxd4 Rd2+ 47. Kc5 Ke6 48. a5 Ke5 49. a6 Rc2+ 50. Kb6 1-0

[Event "Los Angeles Metropolitan 20th"]
[Site "Los Angeles"]
[Date "2012.07.14"]
[Round "6"]
[White "Sainz Aguirre, Ignacio"]
[Black "Viswanadha, Kesav"]
[Result "1/2-1/2"]
[WhiteElo "1985"]
[BlackElo "2015"]
[PlyCount "128"]
[EventDate "2012.07.11"]
[EventType "tourn"]
[EventRounds "9"]
[EventCountry "USA"]
[EventCategory "1"]
[SourceTitle "CBM 149 Extra"]
[Source "ChessBase"]
[SourceDate "2012.08.24"]
[SourceVersion "1"]
[SourceVersionDate "2012.08.24"]
[SourceQuality "1"]

1. e4 e5 2. Nf3 Nc6 3. d4 exd4 4. Bc4 Bc5 5. c3 Nf6 6. e5 d5 7. Bb5 Ne4 8. cxd4 Bb6 9. Be3 0-0 10. Bxc6 bxc6 11. 0-0 Bg4 12. Qc1 Qd7 13. Nfd2 Nxd2 14. Qxd2 f6 15. f3 Be6 16. exf6 Rxf6 17. Nc3 Raf8 18. Rac1 Qd6 19. Na4 Rg6 20. Kh1 Bc8 21. Nc5 Rf5 22. Rfe1 h5 23. Nd3 Re6 24. Nc5 Re8 25. b4 Qg6 26. Nd3 Bb7 27. Ne5 Qd6 28. a4 a5 29. bxa5 Ba7 30. a6 Ba8 31. Bf2 c5 32. dxc5 Qxa6 33. Nd3 Rff8 34. a5 Qg6 35. Bg3 Qf7 36. Rxe8 Rxe8 37. Re1 Bb7 38. Rxe8+ Qxe8 39. Bxc7 Qb5 40. h3 Bxc5 41. Nxc5 Qxc5 42. Bb6 Qe7 43. Qf4 Qe8 44. Bd4 Qf7 45. Qd6 Qf8 46. Qc7 Qf7 47. Qb6 Ba8 48. a6 Kh7 49. Qb8 Bc6 50. a7 Qb7 51. Qe5 Qf7 52. h4 Ba8 53. Kh2 Bc6 54. Kg3 Qg6+ 55. Kh2 Qf7 56. Qb8 Qe7 57. Qf4 Kg6 58. Qg5+ Qxg5 59. hxg5 Kf7 60. Kg3 g6 61. Kf4 Ke6 62. g3 Ba8 63. Ke3 Kf5 64. f4 Bc6 1/2-1/2

[Event "Los Angeles Metropolitan qual 15th"]
[Site "Los Angeles"]
[Date "2011.12.10"]
[Round "2"]
[White "Robertson, Matthew"]
[Black "Sainz Aguirre, Ignacio"]
[Result "0-1"]
[WhiteElo "2048"]
[BlackElo "1982"]
[PlyCount "84"]
[EventDate "2011.12.09"]
[EventType "swiss"]
[EventRounds "5"]
[EventCountry "USA"]
[SourceTitle "EXT 2013"]
[Source "ChessBase"]
[SourceDate "2012.11.22"]
[SourceVersion "1"]
[SourceVersionDate "2012.11.22"]
[SourceQuality "1"]

1. d4 e6 2. c4 d5 3. Nc3 Nf6 4. Bg5 Nbd7 5. e3 c6 6. Nf3 Qa5 7. cxd5 Bb4 8. Rc1 Ne4 9. dxc6 bxc6 10. Bh4 c5 11. Bd3 Nxc3 12. bxc3 Bxc3+ 13. Kf1 cxd4 14. Be4 Ba6+ 15. Kg1 Rc8 16. exd4 0-0 17. h3 Bb4 18. Kh2 Qxa2 19. Ra1 Bd6+ 20. Bg3 Bxg3+ 21. fxg3 Qc4 22. Ra4 Qe2 23. Qxe2 Bxe2 24. Rxa7 Nf6 25. Ra2 Bc4 26. Bb1 Bxa2 27. Bxa2 Rc2 28. Bb1 Rb2 29. Rc1 Nd5 30. Be4 Nf6 31. Bd3 g6 32. g4 Ra8 33. Kg3 Ra3 34. Rc8+ Kg7 35. Bc4 Ne4+ 36. Kf4 Nd6 37. Rc7 Nxc4 38. Rxc4 Rxg2 39. Ng5 Rf2+ 40. Ke4 Re2+ 41. Kf4 Rf2+ 42. Ke4 h6 0-1